Statistics for Brand Logos That Start With C

Click here to take the quiz!

General Stats

  • This quiz has been taken 26,159 times
    (23,678 since last reset)
  • The average score is 13 of 20

Answer Stats

Answer% Correct
Coca-Cola
99%
Cheetos
91%
Chevrolet
89%
Chanel
85%
Champion
76%
Chick-Fil-A
76%
Converse
75%
Cadbury
72%
Crocs
71%
Chipotle
68%
Costco
65%
Cheerios
63%
CBS
57%
Chips Ahoy!
56%
Chevron
51%
Citi
49%
Clorox
48%
Chiquita
41%
Campbell's
39%
Canada Goose
28%

Score Distribution

Percentile by Number Answered

Percent of People with Each Score

Your Score History

You have not taken this quiz since the last reset